000 00523nam a2200181Ia 4500
005 20250508161939.0
008 008 250505s9999 xx 000 0 eng d
037 _aTextual
040 _aFEDL
_beng
_cFEDL
041 _aeng
_2eng
084 _aB, BRI
_qFEDL
100 _aBrittain Vera
_9105738
245 0 _aTestament of youth: An autobiographical study of the years 1900-1925
260 _aLondon, UK
_bVictor Gollancz Ltd
_c1933
300 _a661p.
942 _cTEXL
_hB, BRI
999 _c1373421
_d1373421